00527nam a2200181 a 450000100060000000300090000600800410001502000180005604000280007408200160010210000280011824500960014626000280024230000100027065000190028065000150029965000310031424132CO-ViMGA141112s2004 ck r 000 u spa d a9789582813710 aCO-ViMGAbspacCO-ViMGA04a863.6 G131m1 aGafaro Reyes, Alejandra10aMitos clasicos : bDioses hechos y heroes de la mitologia griega / cAlejandra Gafaro Reyes aColombia : bIntermedio a197p.14aDIOSES GRIEGOS14aMITOLOGIA 14aMITOLOGIA GRIEGA - CUENTO